Wynd. Kniha první, Princův let /
Úvodní kniha čtyřdílné fantasy ságy. Příběh sleduje chlapce jménem Wynd, který musí skrývat svůj magický původ ve světě, kde je magie nemilosrdně trestána.
Uloženo v:
| Série: | Wynd,
část 1 |
|---|---|
| Hlavní autor: | |
| Další autoři: | , |
| Médium: | Kniha |
| Jazyk: | Czech |
| Vydáno: |
Brno :
Host,
2026
|
| Vydání: | První vydání |
| Témata: | |
| Celkem bylo vypůjčeno: | 0x |
| Příbuzné jednotky: | Z cyklu::
Wynd |
| Tagy: |
Žádné tagy |
| LEADER | 02781nam a2200469 i 4500 | ||
|---|---|---|---|
| 001 | 106160 | ||
| 003 | CZ PrSKC | ||
| 005 | 20260417113152.0 | ||
| 007 | ta | ||
| 008 | 260331s2026 xr a 6 000 1 cze | ||
| 015 | |a cnb003742853 | ||
| 020 | |a 9788027527953 |q (brožováno) | ||
| 040 | |a ABG001 |b cze |e rda | ||
| 041 | 1 | |a cze |h eng | |
| 072 | 7 | |a 741.52 |x Komiksy. Komiksové adaptace |2 Konspekt |9 21 | |
| 072 | 7 | |a 821-93 |x Literatura pro děti a mládež (beletrie) |2 Konspekt |9 26 | |
| 080 | |a 741.52(0:82-322.9) |2 MRF | ||
| 080 | |a 821-93 |2 MRF | ||
| 100 | 1 | |a Tynion, James, |c IV, |d 1987- |7 kv2014801067 |4 aut |9 116192 | |
| 245 | 1 | 0 | |a Wynd. |n Kniha první, |p Princův let / |c napsal: James Tynion IV ; nakreslil: Michael Dialynas ; přeložil: Lukáš Novák |
| 250 | |a První vydání | ||
| 264 | 1 | |a Brno : |b Host, |c 2026 | |
| 300 | |a 256 nečíslovaných stran : |b barevné ilustrace ; |c 23 cm | ||
| 336 | |a text |b txt |2 rdacontent | ||
| 336 | |a statický obraz |b sti |2 rdacontent | ||
| 337 | |a bez média |b n |2 rdamedia | ||
| 338 | |a svazek |b nc |2 rdacarrier | ||
| 500 | |a Přeloženo z angličtiny | ||
| 520 | 2 | |a Úvodní kniha čtyřdílné fantasy ságy. Příběh sleduje chlapce jménem Wynd, který musí skrývat svůj magický původ ve světě, kde je magie nemilosrdně trestána. |b V zemi Esseriel, kde je jakýkoli magický či "divnokrevný" původ přísně trestán, vyrůstá chlapec jménem Wynd, který musí celý život skrývat svou pravou identitu. Jeho neobyčejné rysy ho totiž mohou prozradit a připravit o možnost vést obyčejný život, po kterém touží. Když se však jeho tajemství ocitne v ohrožení, je donucen opustit svůj domov ve městě Rourov a společně se svou nejlepší kamarádkou Oakley a následníkem trůnu Yorikem se vydává na riskantní cestu napříč říší. Trojici pronásleduje obávaný Zafačovaný, lovec všech magických bytostí. Postupně se ocitají uprostřed královského spiknutí, které může zásadně ovlivnit budoucnost celého světa. Wynd postupně odhaluje, že jeho původ souvisí s mnohem většími silami, než si kdy dokázal představit. | |
| 521 | 8 | |a Pro čtenáře od 10 let | |
| 655 | 7 | |a fantasy komiksy |7 fd1057473 |2 czenas | |
| 655 | 7 | |a publikace pro děti |7 fd133156 |2 czenas |9 23 | |
| 655 | 9 | |a fantasy comics |2 eczenas | |
| 655 | 9 | |a children's literature |2 eczenas | |
| 700 | 1 | |a Dialynas, Michael, |d 1984- |7 xx0255878 |4 ill |9 117276 | |
| 700 | 1 | |a Novák, Lukáš, |d 1973- |7 js20060602014 |4 trl |9 24035 | |
| 710 | 2 | |a Host (vydavatelství) |7 ko2003163544 |4 pbl |9 117148 | |
| 787 | 0 | 8 | |i Z cyklu: |t Wynd |g 1 |
| 910 | |a UOG502 | ||
| 942 | |2 ddc |c KN | ||
| 999 | |d 106160 | ||
| 993 | |0 0 |1 421180106885 |2 ddc |4 0 |7 0 |9 99477 |b 0 |c 106885 |d 2026-04-17 |e 0 |f M |h 449.00 |i Koupě |l M |r 2026-04-17 |t 8 |w 2026-04-17 |y KN |z KOMIKS |n | ||